[Event "Kadettlandskamp NOR-SWE B 2018"]
[Site "NTG, Bærum, Norway"]
[Date "2018.12.15"]
[Round "5.2"]
[White "Olsson, William"]
[Black "Abdrlauf, Elham"]
[Result "0-1"]
[WhiteFideId "1741721"]
[BlackFideId "1533533"]
[WhiteElo "1743"]
[BlackElo "2191"]

1. Nf3 {[%clk 00:15:15]} {[%emt 00:00:04]} d5 {[%clk 00:15:17]} {[%emt
00:00:04]} 2. c4 {[%clk 00:15:23]} dxc4 {[%clk 00:15:24]} {[%emt 00:00:03]} 3.
e3 {[%clk 00:15:31]} {[%emt 00:00:03]} b5 {[%clk 00:15:29]} {[%emt 00:00:05]} 4.
a4 {[%clk 00:15:37]} {[%emt 00:00:03]} c6 {[%clk 00:15:38]} 5. Nd4 {[%clk
00:15:28]} {[%emt 00:00:20]} e5 {[%clk 00:15:41]} {[%emt 00:00:07]} 6. Nf3
{[%clk 00:15:35]} {[%emt 00:00:03]} Nd7 {[%clk 00:15:34]} {[%emt 00:00:17]} 7.
Nc3 {[%clk 00:15:40]} {[%emt 00:00:05]} b4 {[%clk 00:15:33]} {[%emt 00:00:11]}
8. Na2 {[%clk 00:15:49]} {[%emt 00:00:01]} e4 {[%clk 00:15:31]} {[%emt
00:00:13]} 9. Nd4 {[%clk 00:15:29]} {[%emt 00:00:28]} c5 {[%clk 00:15:40]}
{[%emt 00:00:02]} 10. Nf5 {[%clk 00:15:30]} {[%emt 00:00:08]} Ne5 {[%clk
00:15:30]} {[%emt 00:00:20]} 11. Ng3 {[%clk 00:15:19]} {[%emt 00:00:21]} Bg4
{[%clk 00:15:11]} {[%emt 00:00:30]} 12. Be2 {[%clk 00:14:50]} {[%emt 00:00:39]}
Nd3+ {[%clk 00:14:50]} {[%emt 00:00:30]} 13. Kf1 {[%clk 00:14:58]} {[%emt
00:00:03]} Bxe2+ {[%clk 00:15:00]} {[%emt 00:00:01]} 14. Qxe2 {[%emt 00:00:03]}
Nf6 15. h3 {[%clk 00:13:55]} {[%emt 00:01:20]} Bd6 {[%clk 00:15:04]} {[%emt
00:00:15]} 16. Nf5 {[%clk 00:13:33]} {[%emt 00:00:32]} g6 {[%clk 00:15:01]}
{[%emt 00:00:11]} 17. Nh6 {[%clk 00:13:31]} {[%emt 00:00:13]} Be5 {[%clk
00:14:41]} {[%emt 00:00:31]} 18. Rb1 {[%clk 00:13:28]} {[%emt 00:00:13]} Qd5
{[%clk 00:14:36]} {[%emt 00:00:14]} 19. Ng4 {[%clk 00:12:50]} {[%emt 00:00:46]}
Nxg4 {[%clk 00:14:40]} {[%emt 00:00:08]} 20. Qxg4 {[%clk 00:12:58]} {[%emt
00:00:01]} c3 {[%clk 00:14:18]} {[%emt 00:00:33]} 21. bxc3 {[%clk 00:13:05]}
{[%emt 00:00:03]} f5 {[%clk 00:14:27]} {[%emt 00:00:01]} 22. Qd1 {[%clk
00:12:02]} {[%emt 00:01:13]} Qxa2 {[%clk 00:14:05]} {[%emt 00:00:31]} 23. Bb2
{[%clk 00:12:04]} {[%emt 00:00:09]} b3 {[%clk 00:13:59]} {[%emt 00:00:16]} 24.
Ba1 {[%clk 00:11:42]} {[%emt 00:00:33]} c4 {[%clk 00:13:46]} {[%emt 00:00:22]}
25. g4 {[%clk 00:11:40]} {[%emt 00:00:13]} O-O {[%clk 00:13:53]} {[%emt
00:00:03]} 26. f4 {[%clk 00:11:33]} {[%emt 00:00:17]} exf3 {[%clk 00:13:51]}
{[%emt 00:00:11]} 27. Rg1 {[%clk 00:11:16]} {[%emt 00:00:28]} fxg4 {[%clk
00:14:00]} {[%emt 00:00:01]} 28. Rxg4 {[%clk 00:11:23]} {[%emt 00:00:03]} Qxa4
{[%clk 00:14:03]} {[%emt 00:00:07]} 29. Bb2 {[%clk 00:11:18]} {[%emt 00:00:16]}
Qa2 {[%clk 00:14:08]} {[%emt 00:00:05]} 30. Ba1 {[%clk 00:11:18]} {[%emt
00:00:09]} Rac8 {[%clk 00:13:57]} {[%emt 00:00:20]} 31. Bb2 {[%clk 00:10:51]}
{[%emt 00:00:38]} Nxb2 {[%clk 00:13:55]} {[%emt 00:00:12]} 32. Qe1 {[%clk
00:10:38]} {[%emt 00:00:22]} Nd3 {[%clk 00:14:03]} {[%emt 00:00:02]} 33. Qd1
{[%clk 00:10:46]} {[%emt 00:00:03]} b2 {[%clk 00:14:05]} {[%emt 00:00:08]} 34.
Qc2 {[%clk 00:10:52]} {[%emt 00:00:04]} a5 {[%clk 00:14:11]} {[%emt 00:00:04]}
35. h4 {[%clk 00:10:49]} {[%emt 00:00:13]} a4 {[%clk 00:14:18]} {[%emt
00:00:03]} 36. h5 {[%clk 00:10:57]} Kg7 {[%clk 00:14:27]} 37. hxg6 {[%clk
00:11:03]} {[%emt 00:00:05]} hxg6 {[%clk 00:14:35]} 38. Kg1 {[%clk 00:10:44]}
{[%emt 00:00:28]} a3 {[%clk 00:14:41]} {[%emt 00:00:05]} 39. Rf1 {[%clk
00:10:25]} {[%emt 00:00:28]} Qa1 {[%clk 00:14:44]} {[%emt 00:00:08]} 40. Qa4
{[%clk 00:10:15]} {[%emt 00:00:21]} Qxf1+ {[%clk 00:14:47]} {[%emt 00:00:07]}
0-1

[Event "Kadettlandskamp NOR-SWE B 2018"]
[Site "NTG, Bærum, Norway"]
[Date "2018.12.15"]
[Round "5.3"]
[White "Vitenberg, Noam A"]
[Black "Nguyen, Gabriel"]
[Result "1-0"]
[WhiteFideId "1532138"]
[BlackFideId "1720791"]
[WhiteElo "1889"]
[BlackElo "1906"]

1. Nf3 {[%clk 00:15:19]} {[%emt 00:07:45]} Nf6 {[%clk 00:15:17]} {[%emt
00:00:04]} 2. c4 {[%clk 00:15:26]} {[%emt 00:00:03]} g6 {[%clk 00:15:25]}
{[%emt 00:00:02]} 3. Nc3 {[%clk 00:15:33]} {[%emt 00:00:02]} Bg7 {[%clk
00:15:34]} {[%emt 00:00:03]} 4. e4 {[%clk 00:15:41]} {[%emt 00:00:02]} d6
{[%clk 00:15:42]} {[%emt 00:00:02]} 5. d4 {[%clk 00:15:49]} {[%emt 00:00:02]}
O-O {[%clk 00:15:49]} {[%emt 00:00:03]} 6. Be2 {[%clk 00:15:57]} {[%emt
00:00:01]} e5 {[%clk 00:15:57]} {[%emt 00:00:02]} 7. Be3 {[%clk 00:16:04]}
{[%emt 00:00:03]} exd4 {[%clk 00:15:11]} {[%emt 00:00:56]} 8. Nxd4 {[%clk
00:16:12]} {[%emt 00:00:02]} c6 {[%clk 00:15:12]} {[%emt 00:00:10]} 9. O-O
{[%clk 00:16:06]} {[%emt 00:00:15]} Re8 {[%clk 00:15:15]} {[%emt 00:00:07]} 10.
f3 {[%clk 00:14:29]} {[%emt 00:01:48]} a5 {[%clk 00:14:22]} {[%emt 00:01:02]}
11. Qd2 {[%clk 00:14:28]} {[%emt 00:00:11]} Na6 {[%clk 00:14:27]} {[%emt
00:00:05]} 12. Nc2 {[%clk 00:13:42]} {[%emt 00:00:57]} Qc7 {[%clk 00:13:48]}
{[%emt 00:00:49]} 13. Na4 {[%clk 00:09:50]} {[%emt 00:04:01]} Nd7 {[%clk
00:13:27]} {[%emt 00:00:30]} 14. Rfd1 {[%clk 00:09:45]} {[%emt 00:00:15]} Nac5
{[%clk 00:12:30]} {[%emt 00:01:07]} 15. Nc3 {[%clk 00:08:53]} {[%emt 00:01:02]}
Be5 {[%clk 00:10:51]} {[%emt 00:01:50]} 16. Rac1 {[%clk 00:08:48]} {[%emt
00:00:15]} Nf8 {[%clk 00:10:16]} {[%emt 00:00:44]} 17. b3 {[%clk 00:08:10]}
{[%emt 00:00:48]} Bd7 {[%clk 00:09:26]} {[%emt 00:01:00]} 18. Bf1 {[%clk
00:07:07]} {[%emt 00:01:13]} Rad8 {[%clk 00:09:33]} {[%emt 00:00:03]} 19. g3
{[%clk 00:07:12]} {[%emt 00:00:06]} Bc8 {[%clk 00:09:14]} {[%emt 00:00:28]} 20.
Bg2 {[%clk 00:07:13]} {[%emt 00:00:09]} h5 {[%clk 00:09:22]} {[%emt 00:00:02]}
21. Ne2 {[%clk 00:06:15]} {[%emt 00:01:08]} Bg7 {[%clk 00:09:07]} {[%emt
00:00:25]} 22. Bf4 {[%clk 00:05:17]} {[%emt 00:01:07]} Qb6 {[%clk 00:05:50]}
{[%emt 00:03:27]} 23. Kh1 {[%clk 00:05:05]} {[%emt 00:00:23]} Nfe6 {[%clk
00:05:36]} {[%emt 00:00:23]} 24. Be3 {[%clk 00:03:33]} {[%emt 00:01:43]} Qc7
{[%clk 00:05:30]} {[%emt 00:00:15]} 25. Rb1 {[%clk 00:03:17]} {[%emt 00:00:26]}
Bf6 {[%clk 00:03:47]} {[%emt 00:01:54]} 26. a3 {[%clk 00:03:21]} {[%emt
00:00:06]} a4 {[%clk 00:03:41]} {[%emt 00:00:15]} 27. b4 {[%clk 00:03:18]}
{[%emt 00:00:14]} Nb3 {[%clk 00:03:49]} {[%emt 00:00:02]} 28. Qe1 {[%clk
00:03:26]} {[%emt 00:00:02]} b5 {[%clk 00:03:12]} {[%emt 00:00:47]} 29. Qf2
{[%clk 00:03:04]} {[%emt 00:00:32]} Qb8 {[%clk 00:02:44]} {[%emt 00:00:39]} 30.
cxb5 {[%clk 00:02:53]} {[%emt 00:00:22]} cxb5 {[%clk 00:02:51]} {[%emt
00:00:02]} 31. Ncd4 {[%clk 00:01:24]} {[%emt 00:01:40]} Nexd4 {[%clk 00:02:41]}
{[%emt 00:00:10]} 32. Nxd4 {[%clk 00:01:32]} {[%emt 00:00:01]} Nxd4 {[%clk
00:02:31]} {[%emt 00:00:30]} 33. Bxd4 {[%clk 00:01:41]} {[%emt 00:00:02]} Bxd4
{[%clk 00:02:20]} {[%emt 00:00:20]} 34. Rxd4 {[%clk 00:01:45]} {[%emt
00:00:06]} Be6 {[%clk 00:02:17]} {[%emt 00:00:12]} 35. Rbd1 {[%clk 00:01:43]}
{[%emt 00:00:12]} Rd7 {[%clk 00:02:05]} {[%emt 00:00:22]} 36. Bf1 {[%clk
00:01:44]} {[%emt 00:00:09]} Red8 {[%clk 00:02:02]} {[%emt 00:00:13]} 37. f4
{[%clk 00:01:33]} {[%emt 00:00:22]} f5 {[%clk 00:01:43]} {[%emt 00:00:28]} 38.
Bd3 {[%clk 00:01:37]} {[%emt 00:00:06]} Qb7 {[%clk 00:00:28]} {[%emt 00:01:26]}
39. Qg2 {[%clk 00:01:45]} {[%emt 00:00:02]} Rc8 {[%clk 00:00:23]} {[%emt
00:00:14]} 40. exf5 {[%clk 00:01:47]} {[%emt 00:00:09]} Qxg2+ {[%clk 00:00:31]}
{[%emt 00:00:01]} 41. Kxg2 {[%clk 00:01:55]} {[%emt 00:00:01]} Bxf5 {[%clk
00:00:26]} {[%emt 00:00:15]} 42. Bxb5 {[%clk 00:02:02]} {[%emt 00:00:03]} Re7
{[%clk 00:00:12]} {[%emt 00:00:24]} 43. Rxd6 {[%clk 00:01:58]} {[%emt
00:00:15]} Rb8 {[%clk 00:00:16]} {[%emt 00:00:06]} 44. Bc4+ {[%clk 00:02:01]}
{[%emt 00:00:07]} Kg7 {[%clk 00:00:24]} {[%emt 00:00:02]} 45. b5 {[%clk
00:02:04]} {[%emt 00:00:07]} Rc8 {[%clk 00:00:31]} {[%emt 00:00:02]} 46. R6d4
{[%clk 00:02:10]} {[%emt 00:00:04]} Rec7 {[%clk 00:00:31]} {[%emt 00:00:10]} 47.
Bd3 {[%clk 00:02:14]} {[%emt 00:00:06]} Bg4 {[%clk 00:00:36]} {[%emt 00:00:05]}
48. Rd2 {[%clk 00:02:22]} {[%emt 00:00:02]} Rc3 {[%clk 00:00:40]} {[%emt
00:00:05]} 49. Rxa4 {[%clk 00:02:28]} {[%emt 00:00:04]} Rd8 {[%clk 00:00:47]}
{[%emt 00:00:02]} 50. Ra7+ {[%clk 00:02:34]} {[%emt 00:00:06]} Kh6 {[%clk
00:00:54]} {[%emt 00:00:02]} 51. b6 {[%clk 00:02:28]} {[%emt 00:00:16]} Rcxd3
{[%clk 00:01:01]} {[%emt 00:00:04]} 52. Rxd3 {[%clk 00:02:37]} {[%emt
00:00:02]} Rxd3 {[%clk 00:01:09]} 53. a4 {[%clk 00:02:40]} {[%emt 00:00:06]}
Rb3 {[%clk 00:01:13]} {[%emt 00:00:06]} 54. a5 {[%clk 00:02:49]} {[%emt
00:00:03]} Bf3+ {[%clk 00:01:07]} {[%emt 00:00:16]} 55. Kf2 {[%clk 00:02:57]}
{[%emt 00:00:02]} Be4 {[%clk 00:00:57]} {[%emt 00:00:19]} 56. Re7 {[%clk
00:03:05]} {[%emt 00:00:02]} Bd5 {[%clk 00:01:05]} {[%emt 00:00:02]} 57. Rd7
{[%clk 00:03:13]} {[%emt 00:00:02]} Bc6 {[%clk 00:01:12]} {[%emt 00:00:03]} 58.
Rd6 {[%clk 00:03:20]} {[%emt 00:00:03]} Be4 {[%clk 00:01:20]} {[%emt 00:00:02]}
59. a6 {[%clk 00:03:24]} {[%emt 00:00:06]} Bh1 {[%clk 00:00:16]} {[%emt
00:01:13]} 60. f5 {[%clk 00:03:27]} {[%emt 00:00:07]} Kg7 {[%clk 00:00:14]}
{[%emt 00:00:13]} 61. Rxg6+ {[%clk 00:03:29]} {[%emt 00:00:08]} Kf7 {[%clk
00:00:22]} 62. Rh6 {[%clk 00:03:36]} {[%emt 00:00:03]} Be4 {[%clk 00:00:21]}
{[%emt 00:00:11]} 63. b7 {[%clk 00:03:42]} {[%emt 00:00:03]} Kg8 {[%clk
00:00:23]} {[%emt 00:00:09]} 64. Rg6+ {[%clk 00:03:49]} {[%emt 00:00:03]} Kf8
{[%clk 00:00:19]} {[%emt 00:00:06]} 65. Re6 {[%clk 00:03:57]} {[%emt 00:00:11]}
Bd5 {[%clk 00:00:15]} {[%emt 00:00:13]} 66. Rd6 {[%clk 00:04:05]} {[%emt
00:00:02]} Bxb7 {[%clk 00:00:16]} {[%emt 00:00:09]} 67. axb7 {[%clk 00:04:13]}
{[%emt 00:00:01]} Rxb7 {[%clk 00:00:25]} {[%emt 00:00:01]} 68. Rh6 {[%clk
00:04:22]} {[%emt 00:00:01]} Rb2+ {[%clk 00:00:29]} {[%emt 00:00:06]} 69. Kg1
{[%clk 00:04:31]} Kg7 {[%clk 00:00:35]} {[%emt 00:00:04]} 70. Rxh5 {[%clk
00:04:40]} {[%emt 00:00:02]} Kf6 {[%clk 00:00:44]} 71. g4 {[%clk 00:04:44]}
{[%emt 00:00:05]} Rb1+ {[%clk 00:00:47]} {[%emt 00:00:07]} 72. Kg2 {[%clk
00:03:43]} {[%emt 00:01:12]} Rb2+ {[%clk 00:00:55]} {[%emt 00:00:01]} 73. Kg3
{[%clk 00:03:51]} {[%emt 00:00:02]} Rb3+ {[%clk 00:01:04]} {[%emt 00:00:01]} 74.
Kh4 {[%clk 00:03:58]} {[%emt 00:00:03]} Rb2 {[%clk 00:01:12]} {[%emt 00:00:02]}
75. Rh6+ {[%clk 00:04:04]} {[%emt 00:00:04]} Kg7 {[%clk 00:01:21]} 76. Kg5
{[%clk 00:04:12]} {[%emt 00:00:02]} Rb4 {[%clk 00:01:25]} {[%emt 00:00:06]} 77.
f6+ {[%clk 00:04:20]} {[%emt 00:00:02]} Kg8 {[%clk 00:01:33]} {[%emt 00:00:02]}
78. Rh3 {[%clk 00:04:10]} {[%emt 00:00:20]} Rb5+ {[%clk 00:01:41]} {[%emt
00:00:03]} 79. Kg6 {[%clk 00:04:18]} {[%emt 00:00:03]} Rb4 {[%clk 00:01:41]}
{[%emt 00:00:09]} 80. f7+ {[%clk 00:04:26]} {[%emt 00:00:02]} Kf8 {[%clk
00:01:48]} {[%emt 00:00:02]} 81. Rh8+ {[%clk 00:04:35]} {[%emt 00:00:02]} Ke7
{[%clk 00:01:56]} {[%emt 00:00:02]} 82. f8=Q+ {[%clk 00:04:42]} {[%emt
00:00:03]} 1-0

[Event "Kadettlandskamp NOR-SWE B 2018"]
[Site "NTG, Bærum, Norway"]
[Date "2018.12.15"]
[Round "5.4"]
[White "Fossan, Aleksander"]
[Black "Rasti, Arvin"]
[Result "0-1"]
[WhiteFideId "1519794"]
[BlackFideId "1741160"]
[WhiteElo "1903"]
[BlackElo "1777"]

1. e4 {[%clk 00:15:19]} {[%emt 00:00:10]} c5 {[%clk 00:15:11]} {[%emt
00:00:09]} 2. c3 {[%clk 00:15:28]} {[%emt 00:00:01]} Nf6 {[%emt 00:00:05]} 3.
e5 Nd5 {[%clk 00:15:25]} 4. d4 {[%clk 00:15:47]} cxd4 {[%clk 00:15:34]} {[%emt
00:00:01]} 5. Nf3 {[%clk 00:15:57]} e6 {[%clk 00:15:41]} {[%emt 00:00:02]} 6.
cxd4 {[%clk 00:16:06]} {[%emt 00:00:01]} d6 {[%clk 00:15:51]} 7. Bc4 {[%clk
00:16:14]} {[%emt 00:00:02]} Nc6 {[%clk 00:15:58]} {[%emt 00:00:02]} 8. O-O
{[%clk 00:16:20]} {[%emt 00:00:04]} Be7 {[%clk 00:16:03]} {[%emt 00:00:06]} 9.
Re1 {[%clk 00:16:28]} {[%emt 00:00:02]} O-O {[%clk 00:16:05]} {[%emt 00:00:08]}
10. a3 {[%clk 00:16:37]} {[%emt 00:00:02]} a6 {[%clk 00:15:27]} {[%emt
00:00:48]} 11. Qd3 {[%clk 00:15:42]} {[%emt 00:01:05]} dxe5 {[%clk 00:14:54]}
{[%emt 00:00:43]} 12. dxe5 {[%clk 00:15:34]} {[%emt 00:00:18]} Nb6 {[%clk
00:14:50]} {[%emt 00:00:14]} 13. Qxd8 {[%clk 00:15:30]} {[%emt 00:00:14]} Rxd8
{[%clk 00:14:56]} {[%emt 00:00:04]} 14. Bb3 {[%clk 00:15:14]} {[%emt 00:00:26]}
Bd7 {[%clk 00:14:19]} {[%emt 00:00:46]} 15. Nc3 {[%clk 00:15:13]} {[%emt
00:00:12]} Na5 {[%clk 00:14:05]} {[%emt 00:00:24]} 16. Ba2 {[%clk 00:14:45]}
{[%emt 00:00:39]} Bc6 {[%clk 00:13:48]} {[%emt 00:00:26]} 17. Be3 {[%clk
00:13:58]} {[%emt 00:00:57]} Nac4 {[%clk 00:13:18]} {[%emt 00:00:38]} 18. Nd4
{[%clk 00:12:54]} {[%emt 00:01:15]} Nxe3 {[%clk 00:12:50]} {[%emt 00:00:38]} 19.
Nxc6 {[%clk 00:13:01]} {[%emt 00:00:04]} bxc6 {[%clk 00:12:30]} {[%emt
00:00:30]} 20. Rxe3 {[%clk 00:13:01]} {[%emt 00:00:10]} Rd2 {[%clk 00:12:13]}
{[%emt 00:00:26]} 21. b4 {[%clk 00:11:27]} {[%emt 00:01:45]} Rad8 {[%clk
00:11:25]} {[%emt 00:00:57]} 22. Rae1 {[%clk 00:09:35]} {[%emt 00:02:02]} c5
{[%clk 00:10:26]} {[%emt 00:01:10]} 23. bxc5 {[%clk 00:08:18]} {[%emt
00:01:28]} Bxc5 {[%clk 00:10:34]} {[%emt 00:00:01]} 24. R3e2 {[%clk 00:08:25]}
{[%emt 00:00:03]} Bxa3 {[%clk 00:10:07]} {[%emt 00:00:38]} 25. g3 {[%clk
00:06:55]} {[%emt 00:01:39]} Bb4 {[%clk 00:09:52]} {[%emt 00:00:25]} 26. Rb1
{[%clk 00:04:38]} {[%emt 00:02:28]} a5 {[%clk 00:09:40]} {[%emt 00:00:22]} 27.
Rb2 {[%clk 00:03:42]} {[%emt 00:01:06]} Bxc3 {[%clk 00:07:49]} {[%emt
00:02:01]} 28. Rexd2 {[%clk 00:03:47]} {[%emt 00:00:04]} Rxd2 {[%clk 00:07:56]}
{[%emt 00:00:02]} 29. Rxb6 {[%clk 00:03:56]} {[%emt 00:00:02]} Bxe5 {[%clk
00:07:56]} {[%emt 00:00:10]} 30. Ra6 {[%clk 00:03:06]} {[%emt 00:01:01]} h5
{[%clk 00:06:58]} {[%emt 00:01:07]} 31. Rxa5 {[%clk 00:02:40]} {[%emt
00:00:37]} Bd4 {[%clk 00:07:03]} {[%emt 00:00:03]} 32. Bc4 {[%clk 00:02:26]}
{[%emt 00:00:25]} Bxf2+ {[%clk 00:07:02]} {[%emt 00:00:10]} 33. Kh1 {[%clk
00:02:15]} {[%emt 00:00:21]} g6 {[%clk 00:06:42]} {[%emt 00:00:31]} 34. Ra2
{[%clk 00:01:38]} {[%emt 00:00:47]} Rd1+ {[%clk 00:06:40]} {[%emt 00:00:12]} 35.
Kg2 {[%clk 00:01:47]} {[%emt 00:00:01]} Bd4 {[%clk 00:06:45]} {[%emt 00:00:05]}
36. Ra8+ {[%clk 00:01:05]} {[%emt 00:00:53]} Kg7 {[%clk 00:06:40]} {[%emt
00:00:14]} 37. Rd8 {[%clk 00:01:08]} {[%emt 00:00:07]} e5 {[%clk 00:05:53]}
{[%emt 00:00:57]} 38. Rd7 {[%clk 00:01:10]} {[%emt 00:00:08]} Rd2+ {[%clk
00:06:01]} {[%emt 00:00:02]} 39. Kh1 {[%clk 00:00:43]} {[%emt 00:00:37]} Rf2
{[%clk 00:06:03]} {[%emt 00:00:07]} 40. Bd5 {[%clk 00:00:46]} {[%emt 00:00:08]}
g5 {[%clk 00:06:02]} {[%emt 00:00:11]} 41. h3 {[%clk 00:00:18]} {[%emt
00:00:38]} Kg6 {[%clk 00:05:50]} {[%emt 00:00:20]} 42. Be4+ {[%clk 00:00:24]}
{[%emt 00:00:05]} f5 {[%clk 00:05:29]} {[%emt 00:00:31]} 43. Rd6+ {[%clk
00:00:31]} {[%emt 00:00:03]} Kg7 {[%clk 00:05:36]} {[%emt 00:00:02]} 44. Rd7+
{[%clk 00:00:31]} {[%emt 00:00:10]} Kf6 {[%clk 00:05:35]} {[%emt 00:00:11]} 45.
Bd5 {[%clk 00:00:40]} {[%emt 00:00:02]} e4 {[%clk 00:05:06]} {[%emt 00:00:39]}
46. Bxe4 {[%clk 00:00:19]} {[%emt 00:00:31]} fxe4 {[%clk 00:05:15]} 47. Rxd4
{[%clk 00:00:28]} {[%emt 00:00:02]} Ke5 {[%clk 00:05:23]} {[%emt 00:00:01]} 48.
Rd8 {[%clk 00:00:23]} {[%emt 00:00:15]} e3 {[%clk 00:05:23]} {[%emt 00:00:10]}
49. Kg1 {[%clk 00:00:29]} {[%emt 00:00:04]} Ke4 {[%clk 00:05:23]} {[%emt
00:00:08]} 50. h4 {[%clk 00:00:11]} {[%emt 00:00:30]} g4 {[%clk 00:05:16]}
{[%emt 00:00:17]} 51. Rh8 {[%clk 00:00:16]} {[%emt 00:00:04]} Kf3 {[%clk
00:05:21]} {[%emt 00:00:05]} 52. Re8 {[%clk 00:00:11]} {[%emt 00:00:16]} Rg2+
{[%clk 00:05:20]} {[%emt 00:00:11]} 53. Kf1 {[%clk 00:00:20]} e2+ {[%clk
00:05:25]} {[%emt 00:00:06]} 54. Ke1 {[%clk 00:00:28]} {[%emt 00:00:03]} Rg1+
{[%clk 00:05:33]} {[%emt 00:00:01]} 55. Kd2 {[%clk 00:00:37]} Rd1+ {[%clk
00:05:41]} {[%emt 00:00:01]} 56. Kc2 {[%clk 00:00:46]} e1=Q {[%clk 00:05:48]}
{[%emt 00:00:05]} 0-1

[Event "Kadettlandskamp NOR-SWE B 2018"]
[Site "NTG, Bærum, Norway"]
[Date "2018.12.15"]
[Round "5.5"]
[White "Kizatbay, Abyl"]
[Black "Ivarsson, Sebastian"]
[Result "1/2-1/2"]
[WhiteFideId "1521853"]
[BlackFideId "1738593"]
[WhiteElo "1952"]
[BlackElo "1652"]

1. e4 {[%clk 00:15:18]} {[%emt 00:00:02]} e5 {[%clk 00:15:14]} {[%emt
00:00:06]} 2. Nf3 {[%clk 00:15:27]} {[%emt 00:00:01]} Nc6 {[%clk 00:15:22]}
{[%emt 00:00:02]} 3. Bb5 {[%clk 00:15:36]} a6 {[%clk 00:15:26]} {[%emt
00:00:07]} 4. Ba4 {[%clk 00:15:46]} Nf6 {[%clk 00:15:35]} {[%emt 00:00:02]} 5.
O-O {[%clk 00:15:54]} {[%emt 00:00:02]} Be7 {[%clk 00:15:43]} {[%emt 00:00:02]}
6. d3 {[%clk 00:16:03]} b5 {[%clk 00:15:50]} {[%emt 00:00:03]} 7. Bb3 {[%clk
00:16:13]} d6 {[%clk 00:15:55]} {[%emt 00:00:05]} 8. a3 {[%clk 00:16:22]}
{[%emt 00:00:01]} O-O {[%clk 00:15:48]} {[%emt 00:00:17]} 9. Nc3 {[%clk
00:16:30]} {[%emt 00:00:02]} Be6 {[%clk 00:14:22]} {[%emt 00:01:36]} 10. Nd5
{[%clk 00:16:12]} {[%emt 00:00:28]} Na5 {[%clk 00:13:42]} {[%emt 00:00:49]} 11.
Nxf6+ {[%clk 00:16:06]} {[%emt 00:00:17]} Bxf6 {[%clk 00:13:45]} {[%emt
00:00:07]} 12. Bxe6 {[%clk 00:16:13]} {[%emt 00:00:02]} fxe6 {[%clk 00:13:51]}
{[%emt 00:00:03]} 13. b4 {[%clk 00:15:29]} {[%emt 00:00:54]} Nc6 {[%clk
00:13:52]} {[%emt 00:00:09]} 14. c3 {[%clk 00:15:31]} {[%emt 00:00:08]} d5
{[%clk 00:13:31]} {[%emt 00:00:31]} 15. Be3 {[%clk 00:14:38]} {[%emt 00:01:04]}
d4 {[%clk 00:11:40]} {[%emt 00:02:01]} 16. cxd4 {[%clk 00:14:44]} {[%emt
00:00:04]} exd4 {[%clk 00:11:47]} {[%emt 00:00:03]} 17. Bf4 {[%clk 00:13:50]}
{[%emt 00:01:04]} e5 {[%clk 00:09:56]} {[%emt 00:02:01]} 18. Bg3 {[%clk
00:13:47]} {[%emt 00:00:14]} Qd6 {[%clk 00:06:18]} {[%emt 00:03:45]} 19. Qb3+
{[%clk 00:12:51]} {[%emt 00:01:08]} Kh8 {[%clk 00:06:24]} {[%emt 00:00:04]} 20.
Rfc1 {[%clk 00:13:00]} Rac8 {[%clk 00:05:24]} {[%emt 00:01:10]} 21. Rc5 {[%clk
00:12:50]} {[%emt 00:00:20]} Rfe8 {[%clk 00:04:30]} {[%emt 00:01:04]} 22. Rac1
{[%clk 00:12:58]} {[%emt 00:00:02]} Nb8 {[%clk 00:02:03]} {[%emt 00:02:37]} 23.
h3 {[%clk 00:12:41]} {[%emt 00:00:29]} c6 {[%clk 00:01:20]} {[%emt 00:00:52]}
24. Qc2 {[%clk 00:10:02]} {[%emt 00:02:48]} h6 {[%clk 00:00:43]} {[%emt
00:00:48]} 25. a4 {[%clk 00:09:18]} {[%emt 00:00:54]} Kh7 {[%clk 00:00:15]}
{[%emt 00:00:38]} 26. axb5 {[%clk 00:09:21]} {[%emt 00:00:07]} axb5 {[%clk
00:00:23]} {[%emt 00:00:02]} 27. Qb2 {[%clk 00:08:25]} {[%emt 00:01:06]} Na6
{[%clk 00:00:23]} {[%emt 00:00:09]} 28. h4 {[%clk 00:06:33]} {[%emt 00:02:03]}
Nxc5 {[%clk 00:00:24]} {[%emt 00:00:09]} 29. Rxc5 {[%clk 00:06:42]} Rcd8 {[%clk
00:00:15]} {[%emt 00:00:19]} 30. Qc1 {[%clk 00:06:32]} {[%emt 00:00:20]} Rc8
{[%clk 00:00:19]} {[%emt 00:00:06]} 31. h5 {[%clk 00:06:41]} {[%emt 00:00:02]}
Re6 {[%clk 00:00:19]} {[%emt 00:00:09]} 32. Qa1 {[%clk 00:06:16]} {[%emt
00:00:35]} Ree8 {[%clk 00:00:22]} {[%emt 00:00:06]} 33. Nd2 {[%clk 00:06:05]}
{[%emt 00:00:22]} Ra8 {[%clk 00:00:28]} {[%emt 00:00:05]} 34. Qc1 {[%clk
00:06:14]} {[%emt 00:00:01]} Ra6 {[%clk 00:00:21]} {[%emt 00:00:14]} 35. Nb3
{[%clk 00:06:22]} {[%emt 00:00:04]} Rea8 {[%clk 00:00:13]} {[%emt 00:00:18]} 36.
Na5 {[%clk 00:05:57]} {[%emt 00:00:36]} Be7 {[%clk 00:00:12]} {[%emt 00:00:11]}
37. Kh2 {[%clk 00:03:26]} {[%emt 00:02:40]} Rxa5 {[%clk 00:00:20]} {[%emt
00:00:02]} 38. Bxe5 {[%clk 00:03:18]} {[%emt 00:00:18]} Qe6 {[%clk 00:00:17]}
{[%emt 00:00:12]} 39. bxa5 {[%clk 00:03:24]} {[%emt 00:00:04]} Bxc5 {[%clk
00:00:24]} {[%emt 00:00:03]} 40. Qxc5 {[%clk 00:03:33]} Rxa5 {[%clk 00:00:31]}
{[%emt 00:00:04]} 41. Bxd4 {[%clk 00:03:40]} {[%emt 00:00:04]} Qg4 {[%clk
00:00:32]} {[%emt 00:00:07]} 42. Qe5 {[%clk 00:02:27]} {[%emt 00:01:24]} Ra4
{[%clk 00:00:24]} {[%emt 00:00:18]} 43. Be3 {[%clk 00:02:28]} {[%emt 00:00:09]}
b4 {[%clk 00:00:18]} {[%emt 00:00:16]} 44. f3 {[%clk 00:01:21]} {[%emt
00:01:17]} Qh4+ {[%clk 00:00:25]} {[%emt 00:00:02]} 45. Kg1 {[%clk 00:01:21]}
{[%emt 00:00:10]} Qe1+ {[%clk 00:00:33]} {[%emt 00:00:02]} 46. Kh2 {[%clk
00:01:29]} {[%emt 00:00:02]} Qxe3 {[%clk 00:00:31]} {[%emt 00:00:12]} 47. Qf5+
{[%clk 00:01:32]} {[%emt 00:00:07]} Kh8 {[%clk 00:00:40]} {[%emt 00:00:02]} 48.
Qf8+ {[%clk 00:01:40]} {[%emt 00:00:02]} Kh7 {[%clk 00:00:49]} 49. Qf5+ {[%clk
00:01:48]} {[%emt 00:00:01]} Kh8 {[%clk 00:00:58]} 1/2-1/2